Modest Mouse-Float On (Lyrics) - Statistics

General Stats
  • This quiz has been taken 70 times
  • The average score is 193 of 255
Answer Stats
Lyrics % Correct
A
96%
I
95%
Float
93%
On
93%
The
93%
We
91%
All
89%
Car
88%
Day
88%
He
88%
My
88%
Other
88%
Cop
86%
Into
86%
Well
84%
We'll
84%
It
82%
To
82%
Just
81%
Okay
81%
And
79%
Of
79%
Off
79%
Drove
77%
Some
75%
Sometimes
75%
Life's
74%
Too
74%
You
72%
Alright
70%
(Alright)
70%
Bit
70%
Ran
68%
Was
68%
Much
67%
Mouth
65%
Backed
63%
Laughed
63%
Say
61%
That
61%
Things
61%
What
61%
Way
60%
Already
58%
(Already)
58%
Even
58%
Hand
58%
It's
58%
Oh
58%
Worth
58%
Did
56%
Don't
56%
Good
56%
Learn
56%
Took
56%
Every
54%
If
54%
Is
54%
Last
54%
News
54%
Scam
54%
Slight
54%
With
54%
Worry
54%
Dime
53%
Heavy
53%
Same
53%
Exactly
51%
Fake
51%
Jamaican
51%
Will
51%
Bad
49%
Fired
47%
Get
47%
Got
44%
When
44%
Both
42%
Work
40%
Comes
37%
End
37%
Plans
37%
Them
37%
Up
32%
Anyways
26%
Lands
26%
No
25%
Now
18%
No matching quizzes found
Score Distribution
Percent of People with Each Score
Percentile by Number Answered
Your Score History
You have not taken this quiz